000 00655nam a2200205 i 4500
001 112446
003 ES-MaACL
005 20250804062743.0
007 t|
008 061121s1939 sp r ||||1| spa d
100 1 _aOrtega y Gasset, José,
_d1883-1955
_987503
245 1 0 _aEnsimismamiento y alteración ;
_bMeditación de la técnica /
_cJosé Ortega y Gasset.
246 3 _aMeditación de la técnica
260 _aBuenos Aires :
_bCía Gral. Fabril Financiera,
_c1939.
300 _a157 p. ;
_c19 cm.
650 0 7 _aFilosofía
_2embne
_912802
650 0 0 _aTecnología-
_xFilosofía.
_917408
852 _aES-MaACL
_jA-5009
999 _c112446
_d112446